[Event "Royal City Masters U2200"]
[Site "Guelph CAN"]
[Date "2025.08.02"]
[Round "2.42"]
[White "Tian, Dylan"]
[Black "Cafengiu, Bogdan"]
[Result "1/2-1/2"]
[WhiteElo "1769"]
[BlackElo "1999"]
[WhiteFideId "-1"]
[WhiteFideId "-1"]
[PlyCount "89"]
[GameId "2208738461197173"]
[EventDate "2025.08.01"]
[EventType "swiss"]
[EventRounds "9"]
[EventCountry "CAN"]

1. Nf3 d5 2. b3 Nf6 3. e3 Bg4 4. Bb2 e6 5. d3 Bd6 6. Be2 Nbd7 7. Nbd2 e5 8. h3 Bh5 9. O-O Qe7 10. c4 c6 11. a3 e4 12. Nd4 Bg6 13. cxd5 cxd5 14. dxe4 dxe4 15. Nb5 Bb8 16. Rc1 Nb6 17. a4 O-O 18. Nc4 Rd8 19. Qc2 Nbd5 20. Ba3 Qe6 21. Rfd1 a6 22. Nd4 Qd7 23. Ra1 Qc7 24. Bd6 Rxd6 25. Nxd6 Qxd6 26. Qc8+ Qf8 27. Qxb7 h5 28. Rac1 Be5 29. Bc4 Rb8 30. Qxa6 Rb6 31. Qa5 Rd6 32. Nb5 Rd7 33. Nd4 Bc7 34. Qd2 Qd6 35. g3 Bb8 36. Bb5 h4 37. Rc6 Qe5 38. Rc8+ Kh7 39. Nc6 Qg5 40. Nxb8 Rd6 41. Kh2 hxg3+ 42. fxg3 Ng4+ 43. hxg4 Qxg4 44. Bd7 f5 45. Rc6 1/2-1/2

[Event "Royal City Masters U2200"]
[Site "Guelph CAN"]
[Date "2025.08.02"]
[Round "3.20"]
[White "Ramesan, Raunak Amit"]
[Black "Qian, Eric"]
[Result "1/2-1/2"]
[WhiteElo "2016"]
[BlackElo "2097"]
[WhiteFideId "-1"]
[WhiteFideId "-1"]
[PlyCount "41"]
[GameId "2209063426652214"]
[EventDate "2025.08.01"]
[EventType "swiss"]
[EventRounds "9"]
[EventCountry "CAN"]

1. e4 e5 2. Nf3 Nc6 3. Bc4 Nf6 4. d3 Bc5 5. c3 d6 6. O-O a5 7. Re1 O-O 8. h3 Ba7 9. d4 Re8 10. Bb3 exd4 11. cxd4 Nxe4 12. Bxf7+ Kxf7 13. Rxe4 Rxe4 14. Ng5+ Kg8 15. Nxe4 Nxd4 16. Be3 Nf5 17. Qd5+ Kh8 18. Ng5 Nxe3 19. Nf7+ Kg8 20. Nh6+ Kh8 21. Nf7+ 1/2-1/2

[Event "Royal City Masters U2200"]
[Site "Guelph CAN"]
[Date "2025.08.02"]
[Round "3.21"]
[White "Dembla, Shabd"]
[Black "Iordanescu, Victor Nicolae"]
[Result "0-1"]
[WhiteElo "2000"]
[BlackElo "2038"]
[WhiteFideId "-1"]
[WhiteFideId "-1"]
[PlyCount "120"]
[GameId "2209063426680887"]
[EventDate "2025.08.01"]
[EventType "swiss"]
[EventRounds "9"]
[EventCountry "CAN"]

1. d4 Nf6 2. Bf4 c5 3. d5 d6 4. Nc3 e5 5. Bg5 Be7 6. Bxf6 Bxf6 7. e4 a6 8. a4 b6 9. Be2 g6 10. Bf3 O-O 11. Nge2 Nd7 12. Qd3 Bg5 13. Bg4 h5 14. Bh3 c4 15. Qxc4 Nc5 16. Bxc8 Rxc8 17. O-O f5 18. exf5 gxf5 19. Qa2 Nd7 20. f4 Bxf4 21. Nxf4 exf4 22. Rxf4 Qg5 23. Raf1 Ne5 24. Qa3 Nc4 25. Qb4 a5 26. Qb5 Ne3 27. R1f2 Rce8 28. h3 Kh8 29. Qxb6 Rg8 30. Qd4+ Kh7 31. Nd1 Nxg2 32. Rxf5 Re1+ 33. Rf1 Rxf1+ 34. Rxf1 Nf4+ 35. Kf2 Qg2+ 36. Ke3 Re8+ 37. Kxf4 Qxf1+ 38. Nf2 Rf8+ 39. Kg3 Qg1+ 40. Kh4 Qxf2+ 41. Qxf2 Rxf2 42. c4 Rxb2 43. Kg5 Rc2 44. Kf6 Rxc4 45. Ke6 Rxa4 46. Kxd6 Rd4 47. Kc5 Rd1 48. d6 Rxd6 49. Kxd6 a4 50. Ke6 a3 51. Kf5 a2 52. Kg5 a1=Q 53. Kxh5 Qe5+ 54. Kg4 Kh6 55. h4 Qe4+ 56. Kh3 Qf3+ 57. Kh2 Kh5 58. Kg1 Kg4 59. Kh2 Qf2+ 60. Kh1 Kg3 0-1

[Event "Royal City Masters U2200"]
[Site "Guelph CAN"]
[Date "2025.08.02"]
[Round "3.22"]
[White "Lazarev, Shon"]
[Black "Zhan, Jayden"]
[Result "0-1"]
[WhiteElo "1872"]
[BlackElo "2030"]
[WhiteFideId "-1"]
[WhiteFideId "-1"]
[PlyCount "166"]
[GameId "2209063426680888"]
[EventDate "2025.08.01"]
[EventType "swiss"]
[EventRounds "9"]
[EventCountry "CAN"]

1. c4 e5 2. g3 Nc6 3. Bg2 g6 4. Nc3 Bg7 5. e3 d6 6. Nge2 Be6 7. b3 Nge7 8. O-O d5 9. cxd5 Nxd5 10. Ba3 Nxc3 11. dxc3 Qd7 12. Qc2 Bh3 13. Rfd1 Qe6 14. Bd5 Qf6 15. Bg2 Bd7 16. c4 O-O-O 17. Nc3 h5 18. b4 Bf5 19. Qa4 Kb8 20. Nd5 Qe6 21. b5 e4 22. bxc6 Bxa1 23. Rxa1 Qxc6 24. Qxc6 bxc6 25. Ne7 Rd3 26. Bc5 Re8 27. Rb1+ Ka8 28. Nxc6 Rc3 29. Bf1 Be6 30. Bd4 Rc2 31. Nb4 Rb8 32. Nxc2 Rxb1 33. Kg2 Bg4 34. f3 Bxf3+ 35. Kf2 Rc1 36. Ne1 Bg4 37. c5 Kb7 38. Bb5 c6 39. Ba4 Bd1 40. Bxd1 Rxd1 41. Ke2 Rb1 42. Kd2 Kc7 43. Nc2 Rh1 44. h4 Kd7 45. Be5 Ke6 46. Bd6 f6 47. Kc3 Rc1 48. Kd2 Rb1 49. Kc3 g5 50. Nd4+ Kd7 51. Nf5 gxh4 52. Nxh4 Ra1 53. Kb3 Re1 54. Bf4 Rc1 55. Kb4 Ke6 56. Bd6 Re1 57. Ng2 Rb1+ 58. Kc3 Kf5 59. Nf4 Rh1 60. Ne2 Ke6 61. Kd4 Kf5 62. Nc3 Re1 63. a3 Ra1 64. a4 a6 65. Kc4 Rc1 66. Kb3 Re1 67. Bf4 Rc1 68. Kb2 Re1 69. Na2 a5 70. Nc3 Rf1 71. Bc7 Rf3 72. Bf4 Rf1 73. Kb3 Re1 74. Kc4 Rc1 75. Kd4 Ra1 76. Bc7 Kg4 77. Kxe4 f5+ 78. Kd3 Re1 79. Bf4 Kf3 80. Kd4 Ra1 81. Bc7 Rf1 82. Bf4 Ra1 83. Ke5 Rc1 0-1

[Event "Royal City Masters U2200"]
[Site "Guelph CAN"]
[Date "2025.08.02"]
[Round "3.23"]
[White "Filipovich, David"]
[Black "Velasquez, Noah"]
[Result "1/2-1/2"]
[WhiteElo "2020"]
[BlackElo "1989"]
[WhiteFideId "-1"]
[WhiteFideId "-1"]
[PlyCount "49"]
[GameId "2209063426680889"]
[EventDate "2025.08.01"]
[EventType "swiss"]
[EventRounds "9"]
[EventCountry "CAN"]

1. Nf3 Nf6 2. g3 g6 3. Bg2 Bg7 4. O-O O-O 5. d4 d5 6. c4 c6 7. b3 Nbd7 8. Bb2 Re8 9. Qc2 e6 10. Nbd2 b6 11. e4 dxe4 12. Nxe4 Nxe4 13. Qxe4 Bb7 14. Rad1 Rb8 15. Qc2 Qc7 16. Rfe1 Rbd8 17. h4 h5 18. b4 c5 19. bxc5 bxc5 20. d5 Bxb2 21. dxe6 Bf6 22. Rxd7 Rxd7 23. exd7 Rxe1+ 24. Nxe1 Bxg2 25. Nxg2 1/2-1/2

[Event "Royal City Masters U2200"]
[Site "Guelph CAN"]
[Date "2025.08.02"]
[Round "3.24"]
[White "Fu, Odyssey"]
[Black "Deepak, Laksshana"]
[Result "0-1"]
[WhiteElo "1981"]
[BlackElo "2135"]
[WhiteFideId "-1"]
[WhiteFideId "-1"]
[PlyCount "136"]
[GameId "2209063426680890"]
[EventDate "2025.08.01"]
[EventType "swiss"]
[EventRounds "9"]
[EventCountry "CAN"]

1. e4 e6 2. d4 d5 3. Nd2 Nf6 4. e5 Nfd7 5. f4 c5 6. c3 Nc6 7. Ndf3 Qb6 8. Ne2 Be7 9. a3 c4 10. Qc2 Qc7 11. Be3 Nb6 12. g4 Bd7 13. Nc1 Na5 14. Qf2 O-O-O 15. Be2 Rdf8 16. Bd1 h5 17. g5 Ba4 18. Bxa4 Nxa4 19. Qc2 Qc6 20. h4 g6 21. Rh2 Kb8 22. Ne2 Nb6 23. Neg1 Rc8 24. Bc1 Qa4 25. Qxa4 Nxa4 26. Nd2 Rc6 27. Nh3 Rb6 28. Ra2 Rb5 29. Nf2 Nb3 30. Nxb3 cxb3 31. Ra1 Nxc3 32. a4 Rb6 33. Rh3 Na2 34. Bd2 Nb4 35. Kd1 Nc2 36. Rc1 Nxd4 37. Nd3 Ra6 38. a5 Rc8 39. Nb4 Rxc1+ 40. Kxc1 Bxb4 41. Bxb4 Rc6+ 42. Kd1 Rc4 43. Bd6+ Kc8 44. Kd2 Rc2+ 45. Kd3 Nb5 46. Ba3 Rc4 47. Ke2 Rxf4 48. Be7 Kd7 49. Bc5 Rc4 50. Bf8 Rc2+ 51. Kd1 Rxb2 52. a6 bxa6 53. Bb4 Rb1+ 54. Kd2 Nd4 55. Ba3 b2 56. Bxb2 Rxb2+ 57. Kc1 Rb6 58. Rd3 Nc6 59. Rf3 Nxe5 60. Re3 Nc4 61. Rf3 Ke7 62. Re3 Nxe3 63. Kd2 a5 64. Kxe3 a4 65. Kd4 a3 66. Kc5 a2 67. Kd4 a1=Q+ 68. Kc5 Qc3# 0-1

[Event "Royal City Masters U2200"]
[Site "Guelph CAN"]
[Date "2025.08.02"]
[Round "3.25"]
[White "Heran-Boily, Samuel"]
[Black "Ming, Wenyang"]
[Result "1/2-1/2"]
[WhiteElo "2058"]
[BlackElo "1974"]
[WhiteFideId "-1"]
[WhiteFideId "-1"]
[PlyCount "83"]
[GameId "2209063426680891"]
[EventDate "2025.08.01"]
[EventType "swiss"]
[EventRounds "9"]
[EventCountry "CAN"]

1. e4 c5 2. Nf3 d6 3. c3 Nf6 4. Bd3 g6 5. Bc2 Bg7 6. d4 cxd4 7. cxd4 d5 8. e5 Ne4 9. O-O Nc6 10. h3 Nb4 11. Bb3 O-O 12. Re1 Re8 13. a3 Nc6 14. Be3 b6 15. Nbd2 Nxd2 16. Nxd2 Na5 17. Bc2 Bb7 18. Bd3 Rc8 19. Qe2 Qd7 20. b4 Nc6 21. Bb5 f6 22. f4 Qe6 23. Nf3 Rc7 24. Rac1 Rec8 25. Bd3 fxe5 26. fxe5 Qd7 27. Qf2 Nd8 28. Rxc7 Rxc7 29. Bd2 Ne6 30. Rf1 Rc8 31. Qh4 Rf8 32. Bh6 Bc6 33. Bxg7 Nxg7 34. Ng5 Rxf1+ 35. Kxf1 h5 36. Bxg6 Bb5+ 37. Kg1 Qc6 38. Bxh5 Qc1+ 39. Kh2 Nxh5 40. Qxh5 Qf4+ 41. Kg1 Qf1+ 42. Kh2 1/2-1/2

[Event "Royal City Masters U2200"]
[Site "Guelph CAN"]
[Date "2025.08.02"]
[Round "3.26"]
[White "Colvin, Andrew"]
[Black "Chen, Larry"]
[Result "1-0"]
[WhiteElo "2034"]
[BlackElo "1985"]
[WhiteFideId "-1"]
[WhiteFideId "-1"]
[PlyCount "79"]
[GameId "2209063426680892"]
[EventDate "2025.08.01"]
[EventType "swiss"]
[EventRounds "9"]
[EventCountry "CAN"]

1. e4 c6 2. d4 d5 3. e5 Bf5 4. Nf3 e6 5. Be2 c5 6. c3 Nd7 7. O-O Ne7 8. dxc5 Nc6 9. b4 Ndxe5 10. Nxe5 Nxe5 11. f4 Nd7 12. g4 Bxb1 13. Rxb1 Qc7 14. Qa4 Be7 15. Bb5 Rd8 16. Be3 O-O 17. Bxd7 Qxd7 18. Qxd7 Rxd7 19. a4 f6 20. Bd4 a6 21. Rb2 Re8 22. Re2 Bd8 23. Kg2 Rde7 24. Rfe1 Bc7 25. f5 e5 26. Bf2 g6 27. fxg6 hxg6 28. Rd1 Rd7 29. c4 Red8 30. cxd5 Rxd5 31. Rxd5 Rxd5 32. b5 f5 33. gxf5 gxf5 34. b6 Bb8 35. Rc2 Kf7 36. c6 bxc6 37. Rxc6 Ke7 38. Rc8 Bd6 39. b7 Ra5 40. Bc5 1-0

[Event "Royal City Masters U2200"]
[Site "Guelph CAN"]
[Date "2025.08.02"]
[Round "3.27"]
[White "Yin, Zeming"]
[Black "Nguyen, Minh Thong"]
[Result "0-1"]
[WhiteElo "1999"]
[BlackElo "2147"]
[WhiteFideId "-1"]
[WhiteFideId "-1"]
[PlyCount "138"]
[GameId "2209063426680893"]
[EventDate "2025.08.01"]
[EventType "swiss"]
[EventRounds "9"]
[EventCountry "CAN"]

1. e4 c5 2. Nf3 Nc6 3. Bb5 g6 4. O-O Bg7 5. c3 Nf6 6. Re1 O-O 7. d4 cxd4 8. cxd4 d5 9. e5 Ne4 10. Be3 Qb6 11. Qe2 f5 12. Nc3 Be6 13. Rad1 h6 14. Na4 Qd8 15. Nc5 Nxc5 16. dxc5 f4 17. Bd4 g5 18. Ba4 Bf5 19. e6 g4 20. Ne5 f3 21. Qd2 Nxd4 22. Qxd4 Bxe6 23. Bb3 Rf5 24. Bc2 Rg5 25. Qf4 Qe8 26. Nd3 Bf5 27. Bb3 Bxd3 28. Rxd3 Rd8 29. g3 Qh5 30. h4 gxh3 31. Qxf3 Qxf3 32. Rxf3 Bf6 33. Kh2 Kg7 34. Rd3 d4 35. Rc1 Rc8 36. Kxh3 Rcxc5 37. Rxc5 Rxc5 38. f4 Rc1 39. Bd5 b6 40. Rd2 Kg6 41. Kg4 Re1 42. Bc4 h5+ 43. Kf3 Re3+ 44. Kg2 e5 45. Bd3+ e4 46. Bb5 d3 47. Bc6 h4 48. gxh4 Bxh4 49. Bxe4+ Rxe4 50. Rxd3 Rxf4 51. Kh3 Bf6 52. b3 Kf5 53. Rd7 a5 54. Rd5+ Ke6 55. Rd2 Bd4 56. Kg3 Re4 57. Kf3 Kd5 58. Rg2 Re3+ 59. Kf4 Re1 60. Rc2 Rf1+ 61. Kg3 Rf2 62. Rxf2 Bxf2+ 63. Kxf2 Kd4 64. Ke2 Kc3 65. Ke3 Kb2 66. Kd4 Kxa2 67. Kc3 b5 68. b4 a4 69. Kd4 Kb3 0-1

[Event "Royal City Masters U2200"]
[Site "Guelph CAN"]
[Date "2025.08.02"]
[Round "3.28"]
[White "Lukinykh, Slava"]
[Black "Both, Aaron"]
[Result "0-1"]
[WhiteElo "2139"]
[BlackElo "2000"]
[WhiteFideId "-1"]
[WhiteFideId "-1"]
[PlyCount "61"]
[GameId "2209063426680894"]
[EventDate "2025.08.01"]
[EventType "swiss"]
[EventRounds "9"]
[EventCountry "CAN"]

1. e4 d6 2. d4 Nf6 3. Bd3 Nbd7 4. f4 e5 5. Nf3 c6 6. fxe5 dxe5 7. O-O Qc7 8. c4 exd4 9. e5 Ng4 10. e6 fxe6 11. h3 Ne3 12. Bxe3 dxe3 13. Ng5 Ne5 14. Nxh7 Bc5 15. Qh5+ Kd8 16. Be2 g6 17. Qg5+ Be7 18. Nf6 Nd7 19. Qxg6 Nxf6 20. Rxf6 Qe5 21. Rf1 Bd6 22. g3 Rxh3 23. Rf4 Qh8 24. Qg5+ Kc7 25. Rh4 Rxh4 26. gxh4 Qxb2 27. c5 Be5 28. Nc3 Qxa1+ 29. Nd1 Bd7 30. h5 Bf6 31. Qxe3 0-1

[Event "Royal City Masters U2200"]
[Site "Guelph CAN"]
[Date "2025.08.02"]
[Round "3.29"]
[White "Lin, Austin"]
[Black "Fillmore, Louis"]
[Result "1-0"]
[WhiteElo "2128"]
[BlackElo "1998"]
[WhiteFideId "-1"]
[WhiteFideId "-1"]
[PlyCount "63"]
[GameId "2209063426680895"]
[EventDate "2025.08.01"]
[EventType "swiss"]
[EventRounds "9"]
[EventCountry "CAN"]

1. e4 e5 2. Nf3 Nc6 3. Bc4 Bc5 4. b4 Bxb4 5. c3 Ba5 6. d4 d6 7. Qb3 Qd7 8. Nbd2 Bb6 9. O-O Nf6 10. dxe5 Nxe5 11. Nxe5 dxe5 12. Ba3 c6 13. Nf3 Qc7 14. Ng5 c5 15. Bxf7+ Ke7 16. Rad1 Bg4 17. Bg6 Kf8 18. Bf5 Bxd1 19. Rxd1 Qe7 20. Ne6+ Ke8 21. Nxc5 Rd8 22. Rxd8+ Qxd8 23. Nxb7 Bxf2+ 24. Kh1 Qb6 25. Qa4+ Kf7 26. Qc4+ Ke8 27. Nd6+ Kd8 28. Qc8+ Ke7 29. Qe6+ Kd8 30. Nf7+ Kc7 31. Qxb6+ Bxb6 32. Nxh8 1-0

[Event "Royal City Masters U2200"]
[Site "Guelph CAN"]
[Date "2025.08.02"]
[Round "3.30"]
[White "Leliveld, Andrew"]
[Black "Jiang, Hancy"]
[Result "0-1"]
[WhiteElo "1969"]
[BlackElo "2112"]
[WhiteFideId "-1"]
[WhiteFideId "-1"]
[PlyCount "112"]
[GameId "2209063426680896"]
[EventDate "2025.08.01"]
[EventType "swiss"]
[EventRounds "9"]
[EventCountry "CAN"]

1. f4 d5 2. Nf3 c5 3. e3 Nf6 4. b3 e6 5. Bb2 Be7 6. Bb5+ Bd7 7. Bxd7+ Qxd7 8. Qe2 Nc6 9. d3 O-O 10. O-O Rfd8 11. Nbd2 b5 12. c4 dxc4 13. dxc4 b4 14. Rad1 Qd3 15. Qxd3 Rxd3 16. Rde1 a5 17. Bxf6 gxf6 18. Re2 Rad8 19. g4 a4 20. Rc1 Na5 21. bxa4 Ra3 22. Rc2 Rdd3 23. Kf2 Rxa4 24. Ne4 b3 25. axb3 Rxb3 26. Ra2 Rxa2 27. Rxa2 Nxc4 28. Ra8+ Kg7 29. Rc8 Nxe3 30. h3 Nd5 31. f5 Nf4 32. h4 Rb2+ 33. Kg3 Ne2+ 34. Kh3 Nd4 35. Nxd4 cxd4 36. Rc7 Kf8 37. Rc8+ Kg7 38. Rc7 exf5 39. gxf5 Bb4 40. Rc4 d3 41. Rd4 d2 42. Kg4 Ba5 43. Kf3 Rb3+ 44. Ke2 Rb1 45. Nxd2 Rb2 46. Rg4+ Kh6 47. Kf3 Rxd2 48. Ra4 Bc3 49. Ra7 Rd4 50. Rxf7 Rxh4 51. Rc7 Be5 52. Rc2 Rf4+ 53. Ke3 Rxf5 54. Rg2 Rg5 55. Rf2 Rg4 56. Rf5 Rf4 0-1

[Event "Royal City Masters U2200"]
[Site "Guelph CAN"]
[Date "2025.08.02"]
[Round "3.31"]
[White "Nassif, Aba"]
[Black "Huang, Justin"]
[Result "1/2-1/2"]
[WhiteElo "2100"]
[BlackElo "1988"]
[WhiteFideId "-1"]
[WhiteFideId "-1"]
[PlyCount "177"]
[GameId "2209063426742337"]
[EventDate "2025.08.01"]
[EventType "swiss"]
[EventRounds "9"]
[EventCountry "CAN"]

1. e4 e6 2. d4 d5 3. Nc3 Nf6 4. exd5 exd5 5. Bg5 c6 6. Qd2 h6 7. Bf4 Bb4 8. f3 Bf5 9. O-O-O O-O 10. g4 Bxg4 11. fxg4 Ne4 12. Qe3 Bxc3 13. bxc3 Qa5 14. Kb2 Re8 15. Bxb8 Raxb8 16. c4 b5 17. cxd5 b4 18. Bc4 Nc3 19. Qd3 Qa3+ 20. Ka1 Nxd1 21. Qxa3 bxa3 22. Nf3 cxd5 23. Bxd5 Nc3 24. Bb3 Re2 25. Rc1 a5 26. Ne5 a4 27. Bxf7+ Kh8 28. Bc4 Rf2 29. d5 Rb2 30. d6 Rb8 31. d7 g5 32. Nc6 Rff8 33. Nxb8 Rxb8 34. Ba6 Kg7 35. Re1 Rb2 36. Bc4 Rb8 37. Re7+ Kf6 38. Re6+ Kg7 39. Re1 Kf6 40. Ba6 Kg7 41. Bb7 Kg6 42. Re3 Rxb7 43. Rxc3 Rxd7 44. Rxa3 Rd4 45. h3 h5 46. gxh5+ Kxh5 47. Kb2 Rc4 48. Rd3 g4 49. hxg4+ Kxg4 50. c3 Kf5 51. Rd4 a3+ 52. Kb3 Rc8 53. Rc4 Ra8 54. Ra4 Rc8 55. Rxa3 Ke6 56. Ra4 Rb8+ 57. Rb4 Ra8 58. Rd4 Rb8+ 59. Kc2 Rb7 60. a4 Ke5 61. Rb4 Ra7 62. Rb5+ Kd6 63. Kb3 Kc6 64. Kb4 Rh7 65. Rg5 Rh1 66. a5 Rb1+ 67. Kc4 Ra1 68. Rg6+ Kb7 69. a6+ Ka7 70. Kc5 Rc1 71. c4 Rb1 72. Rc6 Rd1 73. Kb4 Rb1+ 74. Kc3 Rd1 75. c5 Rh1 76. Rd6 Rh4 77. Rd4 Rh3+ 78. Rd3 Rxd3+ 79. Kxd3 Kxa6 80. Kd4 Kb7 81. Kd5 Kc7 82. c6 Kc8 83. Kc4 Kc7 84. Kb5 Kc8 85. Kc5 Kc7 86. Kd5 Kc8 87. Kd6 Kd8 88. Ke6 Kc7 89. Kd5 1/2-1/2

[Event "Royal City Masters U2200"]
[Site "Guelph CAN"]
[Date "2025.08.02"]
[Round "3.32"]
[White "Bluvshtein, Ilia"]
[Black "Fischer, Jacob"]
[Result "1-0"]
[WhiteElo "2081"]
[BlackElo "1809"]
[WhiteFideId "-1"]
[WhiteFideId "-1"]
[PlyCount "43"]
[GameId "2209063426742338"]
[EventDate "2025.08.01"]
[EventType "swiss"]
[EventRounds "9"]
[EventCountry "CAN"]

1. e4 e6 2. d4 d5 3. Nc3 Nf6 4. Bg5 dxe4 5. Nxe4 Be7 6. Bxf6 Bxf6 7. Nf3 b6 8. Bb5+ c6 9. Ba4 Bb7 10. O-O O-O 11. Re1 Na6 12. Qe2 Qe7 13. c3 c5 14. Bb5 Nc7 15. Bd3 Nd5 16. Nxf6+ Nxf6 17. dxc5 Qxc5 18. Ne5 Rfd8 19. Rad1 Ne4 20. Bxe4 Qxe5 21. Rxd8+ Rxd8 22. Bxh7+ 1-0

[Event "Royal City Masters U2200"]
[Site "Guelph CAN"]
[Date "2025.08.02"]
[Round "3.34"]
[White "Maulucci, Anthony"]
[Black "Satish Alwar, Dharsan"]
[Result "1/2-1/2"]
[WhiteElo "2046"]
[BlackElo "1792"]
[WhiteFideId "-1"]
[WhiteFideId "-1"]
[PlyCount "140"]
[GameId "2209063426742339"]
[EventDate "2025.08.01"]
[EventType "swiss"]
[EventRounds "9"]
[EventCountry "CAN"]

1. d4 d5 2. c4 e6 3. Nc3 Nf6 4. cxd5 exd5 5. Bg5 c6 6. e3 Be7 7. Bd3 h6 8. Bh4 O-O 9. Qc2 Re8 10. Nge2 Nbd7 11. O-O b6 12. f3 c5 13. Kh1 c4 14. Bf5 Nf8 15. Bf2 a6 16. a4 Bd7 17. Bxd7 Qxd7 18. e4 dxe4 19. fxe4 b5 20. e5 Nd5 21. Nxd5 Qxd5 22. Nf4 Qd7 23. axb5 axb5 24. Rxa8 Rxa8 25. Qe4 Rd8 26. d5 g5 27. e6 fxe6 28. Ng6 Bb4 29. Nxf8 Bxf8 30. Qg6+ Bg7 31. dxe6 Qe7 32. Qf7+ Qxf7 33. exf7+ Kh8 34. Bb6 Rb8 35. Bc5 Bf8 36. Bd4+ Kh7 37. Be5 Rd8 38. g4 Ra8 39. Kg2 Bg7 40. Bc3 Bf8 41. Kf3 Ra7 42. Ke4 Rb7 43. Kd5 Rb8 44. Kc6 b4 45. Be5 Ra8 46. Kd7 Bg7 47. Bd6 Bf8 48. Bc7 Kg6 49. Bd8 c3 50. bxc3 bxc3 51. Ke8 Kg7 52. Rc1 Rc8 53. Rc2 Rc4 54. h3 Re4+ 55. Kd7 Kxf7 56. Rxc3 Rd4+ 57. Kc7 Bd6+ 58. Kc8 Bf4 59. Bb6 Re4 60. Rc5 Re6 61. Rf5+ Kg6 62. Bc5 Re5 63. Rxe5 Bxe5 64. Kd7 h5 65. Ke6 hxg4 66. hxg4 Bf4 67. Bd4 Bd2 68. Kd5 Bf4 69. Ke4 Bd6 70. Be5 Bc5 1/2-1/2

[Event "Royal City Masters U2200"]
[Site "Guelph CAN"]
[Date "2025.08.02"]
[Round "3.35"]
[White "Desforges, Jean"]
[Black "Pottinger, Carl"]
[Result "1-0"]
[WhiteElo "2013"]
[BlackElo "1710"]
[WhiteFideId "-1"]
[WhiteFideId "-1"]
[PlyCount "57"]
[GameId "2209063426742340"]
[EventDate "2025.08.01"]
[EventType "swiss"]
[EventRounds "9"]
[EventCountry "CAN"]

1. d4 Nf6 2. c4 e6 3. Nf3 d5 4. g3 dxc4 5. Bg2 a6 6. a4 Nc6 7. O-O Rb8 8. e3 Be7 9. Qc2 b5 10. b3 Nb4 11. Qd1 cxb3 12. axb5 Nc2 13. Ne5 Rxb5 14. Bc6+ Kf8 15. Bxb5 Nxa1 16. Nc6 Qd5 17. Nxe7 Kxe7 18. Ba3+ Kd8 19. Nc3 Qh5 20. Be2 Qh3 21. d5 e5 22. d6 c6 23. d7 Bxd7 24. Qd6 Nd5 25. Nxd5 cxd5 26. Rxa1 Qe6 27. Qb8+ Bc8 28. Rc1 Qd7 29. Bxa6 1-0

[Event "Royal City Masters U2200"]
[Site "Guelph CAN"]
[Date "2025.08.02"]
[Round "3.36"]
[White "Chertkow, Matthew"]
[Black "Obrovac, Zvonko"]
[Result "1-0"]
[WhiteElo "1855"]
[BlackElo "2084"]
[WhiteFideId "-1"]
[WhiteFideId "-1"]
[PlyCount "63"]
[GameId "2209063426742341"]
[EventDate "2025.08.01"]
[EventType "swiss"]
[EventRounds "9"]
[EventCountry "CAN"]

1. e4 c5 2. d4 cxd4 3. c3 Nf6 4. e5 Nd5 5. cxd4 e6 6. Nf3 Be7 7. Bc4 Nb6 8. Bd3 d6 9. O-O O-O 10. Qc2 h6 11. Nc3 Nc6 12. Qe2 dxe5 13. dxe5 Nb4 14. Bb1 N4d5 15. Qc2 f5 16. exf6 Nxf6 17. Bxh6 Qe8 18. Bg5 Qh5 19. h4 Bd7 20. Qg6 Qh8 21. Ne5 Be8 22. Qd3 Rd8 23. Qh3 Rd6 24. Ng6 Bxg6 25. Bxg6 Nfd5 26. Ne4 Bxg5 27. Nxd6 Nf4 28. Qg4 Be7 29. Bf7+ Kh7 30. Qxf4 Bxd6 31. Qe4+ Kh6 32. Qg6# 1-0

[Event "Royal City Masters U2200"]
[Site "Guelph CAN"]
[Date "2025.08.02"]
[Round "3.37"]
[White "Kola, Venkat Karthikeya R"]
[Black "Tian, Dylan"]
[Result "1-0"]
[WhiteElo "2140"]
[BlackElo "1769"]
[WhiteFideId "-1"]
[WhiteFideId "-1"]
[PlyCount "83"]
[GameId "2209063426742342"]
[EventDate "2025.08.01"]
[EventType "swiss"]
[EventRounds "9"]
[EventCountry "CAN"]

1. d4 Nf6 2. c4 e6 3. Nf3 Bb4+ 4. Nbd2 b6 5. a3 Bxd2+ 6. Qxd2 Ne4 7. Qc2 Bb7 8. e3 d6 9. Be2 Nd7 10. O-O O-O 11. b4 c5 12. Bb2 Qe7 13. Rfd1 Rfd8 14. Rac1 f5 15. bxc5 bxc5 16. a4 Rab8 17. a5 a6 18. d5 e5 19. Nd2 Nxd2 20. Qxd2 e4 21. Rb1 Ne5 22. Bxe5 Qxe5 23. Rb2 Ba8 24. Rdb1 Qe8 25. Bd1 Rxb2 26. Qxb2 Qd7 27. Qb6 Qc8 28. Ba4 h6 29. Qa7 Kh7 30. h3 Kg6 31. Qe7 Kh7 32. Rb6 Kh8 33. Rxd6 Rxd6 34. Qxd6 Kh7 35. Bd7 Qb7 36. Bxf5+ g6 37. Qxg6+ Kh8 38. Qxh6+ Kg8 39. Be6+ Qf7 40. Qg6+ Kh8 41. Bxf7 Bxd5 42. Qh6# 1-0

[Event "Royal City Masters U2200"]
[Site "Guelph CAN"]
[Date "2025.08.02"]
[Round "3.38"]
[White "Klarner, William"]
[Black "Achyuth, Akshaj"]
[Result "1/2-1/2"]
[WhiteElo "2034"]
[BlackElo "1971"]
[WhiteFideId "-1"]
[WhiteFideId "-1"]
[PlyCount "88"]
[GameId "2209063426742343"]
[EventDate "2025.08.01"]
[EventType "swiss"]
[EventRounds "9"]
[EventCountry "CAN"]

1. c4 e5 2. Nc3 Nf6 3. Nf3 Nc6 4. e4 d6 5. d4 Bg4 6. d5 Nd4 7. Be3 Nxf3+ 8. gxf3 Bd7 9. Qd2 a6 10. O-O-O Qe7 11. Kb1 g6 12. h4 Nh5 13. Bg5 f6 14. Be3 Bg7 15. c5 dxc5 16. d6 cxd6 17. Qxd6 Qxd6 18. Rxd6 Bf8 19. Rb6 Bc6 20. Bc4 O-O-O 21. Nd5 Kb8 22. b4 Kc8 23. bxc5 f5 24. Bg5 Re8 25. Nf6 Nxf6 26. Bxf6 Bxc5 27. Rxc6+ bxc6 28. Bxa6+ Kc7 29. Bxh8 Rxh8 30. exf5 gxf5 31. Bd3 Rf8 32. Rg1 Rf7 33. Rg5 Bxf2 34. h5 Be3 35. Rxf5 Rxf5 36. Bxf5 h6 37. Kc2 Kd6 38. Kd3 Bd4 39. Kc4 Bb6 40. Be4 Ba5 41. Bf5 Be1 42. Bc8 Ba5 43. Bf5 Be1 44. Be4 Ba5 1/2-1/2

[Event "Royal City Masters U2200"]
[Site "Guelph CAN"]
[Date "2025.08.02"]
[Round "3.39"]
[White "Cafengiu, Bogdan"]
[Black "Blair, Michael"]
[Result "0-1"]
[WhiteElo "1999"]
[BlackElo "2139"]
[WhiteFideId "-1"]
[WhiteFideId "-1"]
[PlyCount "88"]
[GameId "2209063426742344"]
[EventDate "2025.08.01"]
[EventType "swiss"]
[EventRounds "9"]
[EventCountry "CAN"]

1. e4 c5 2. c3 Nf6 3. e5 Nd5 4. d4 cxd4 5. cxd4 e6 6. Nf3 d6 7. Bc4 Nc6 8. O-O Be7 9. Qe2 O-O 10. Nc3 Nxc3 11. bxc3 Qa5 12. Bd2 Rd8 13. Bd3 dxe5 14. dxe5 Qd5 15. Be4 Qc5 16. Rfe1 f6 17. exf6 Bxf6 18. Rac1 Bd7 19. Bb1 Qh5 20. Qe4 e5 21. h4 Be6 22. Ng5 Rxd2 23. Nxe6 Qxh4 24. Qe3 Rd6 25. g3 Qg4 26. Nc7 Rad8 27. Nb5 R6d7 28. Qe4 Qh3 29. Qf3 Ne7 30. c4 Bg5 31. Rcd1 Rf8 32. Qe4 Rxd1 33. Rxd1 Nc6 34. Nd6 Kh8 35. Qd5 Qh5 36. Be4 Nd4 37. Re1 Bd2 38. Rf1 Ne2+ 39. Kg2 Nf4+ 40. gxf4 Qg4+ 41. Kh1 Qh4+ 42. Kg1 Bxf4 43. Rd1 Bh2+ 44. Kh1 Bg3+ 0-1

[Event "Royal City Masters U2200"]
[Site "Guelph CAN"]
[Date "2025.08.02"]
[Round "3.40"]
[White "Cheung, Oscar"]
[Black "Husic, Elvis"]
[Result "1-0"]
[WhiteElo "1815"]
[BlackElo "1885"]
[WhiteFideId "-1"]
[WhiteFideId "-1"]
[PlyCount "77"]
[GameId "2209063426742345"]
[EventDate "2025.08.01"]
[EventType "swiss"]
[EventRounds "9"]
[EventCountry "CAN"]

1. e4 c5 2. Nf3 d6 3. d4 cxd4 4. Qxd4 Nc6 5. Bb5 Bd7 6. Bxc6 Bxc6 7. Nc3 Nf6 8. Bg5 e6 9. O-O-O e5 10. Qd3 Be7 11. Bxf6 gxf6 12. Nh4 Qd7 13. Nf5 O-O-O 14. Nd5 Bxd5 15. Qxd5 Bf8 16. Rd3 Kb8 17. Rhd1 Qe6 18. Qxe6 fxe6 19. Nxd6 Bxd6 20. Rxd6 Rxd6 21. Rxd6 h5 22. Rxe6 Rh6 23. Kd2 Kc7 24. Re7+ Kc6 25. Ke3 a5 26. a4 b6 27. Re6+ Kc5 28. c4 h4 29. f4 exf4+ 30. Kxf4 Rg6 31. Kf3 Rh6 32. e5 Kxc4 33. Rxb6 Rh5 34. exf6 Rf5+ 35. Kg4 Rf2 36. Kxh4 Rxg2 37. f7 Rxh2+ 38. Kg5 Rg2+ 39. Kh6 1-0